[Event "ECU-ch (Women)"]
[Site "Banos de Agua Santa"]
[Date "2020.03.12"]
[Round "5"]
[White "Curimilma Guevara, Kristine"]
[Black "Quezada Pauker, Katheen Gabriela"]
[Result "0-1"]
[WhiteElo "1267"]
[BlackElo "1542"]
[PlyCount "79"]
[EventDate "2020.03.10"]
[EventType "swiss"]
[EventRounds "9"]
[EventCountry "ECU"]
[SourceTitle "CBM 195 Extra"]
[Source "ChessBase"]
[SourceDate "2020.05.31"]
[SourceVersion "1"]
[SourceVersionDate "2020.05.31"]
[SourceQuality "1"]

1. e4 b6 2. Nf3 Bb7 3. Nc3 c5 4. Bc4 e6 5. 0-0 d6 6. d4 cxd4 7. Nxd4 Nf6 8. Re1 a6 9. a3 b5 10. Ba2 Nbd7 11. f3 Rc8 12. Be3 Ne5 13. Bf2 Nc4 14. Rb1 Nxb2 15. Rxb2 Rxc3 16. a4 Qd7 17. axb5 axb5 18. Nxb5 Rc8 19. Nd4 Be7 20. e5 Nd5 21. exd6 Nc3 22. Qd3 Nxa2 23. Rxa2 Bd5 24. Ra5 Qxd6 25. Qb5+ Qd7 26. Qxd7+ Kxd7 27. Ra7+ Rc7 28. Rxc7+ Kxc7 29. c3 Kd7 30. Ne2 Rc8 31. Bd4 f6 32. f4 Ra8 33. g3 Ra2 34. h4 Bd6 35. Kf2 Bc4 36. Kf3 h5 37. Ng1 Bd5+ 38. Ke3 e5 39. fxe5 fxe5 40. Bb6 0-1

[Event "ECU-ch (Women)"]
[Site "Banos de Agua Santa"]
[Date "2020.03.10"]
[Round "1"]
[White "Curimilma Guevara, Kristine"]
[Black "Pacheco Jimenez, Yesenia Camila"]
[Result "1-0"]
[WhiteElo "1267"]
[BlackElo "1630"]
[PlyCount "81"]
[EventDate "2020.03.10"]
[EventType "swiss"]
[EventRounds "9"]
[EventCountry "ECU"]
[SourceTitle "CBM 195 Extra"]
[Source "ChessBase"]
[SourceDate "2020.05.31"]
[SourceVersion "1"]
[SourceVersionDate "2020.05.31"]
[SourceQuality "1"]

1. e4 c5 2. Nf3 e6 3. c3 Nc6 4. Bb5 a6 5. Bxc6 bxc6 6. 0-0 d5 7. e5 Ne7 8. d4 Ng6 9. Nbd2 Be7 10. Ne1 a5 11. Ndf3 0-0 12. Nd3 Ba6 13. Re1 cxd4 14. cxd4 Bxd3 15. Qxd3 c5 16. b3 Qb6 17. Be3 Rfc8 18. Rac1 h6 19. Rc2 Rc6 20. Rec1 Rac8 21. g3 cxd4 22. Bxd4 Qb7 23. Kg2 Ba3 24. Rxc6 Rxc6 25. Rxc6 Qxc6 26. Qc3 Qb5 27. h4 Ne7 28. Be3 Bb4 29. Qc1 Nc6 30. h5 d4 31. Bxd4 Qd5 32. Qe3 Ne7 33. Bc3 Nc6 34. Bxb4 Nxb4 35. a4 Kh7 36. Kh3 Nc2 37. Qc3 Nb4 38. Kh2 Qe4 39. Qe3 Qg4 40. Kg2 Qxh5 41. Qc5 1-0